[Event "Sarajevo Bosna op 47th"]
[Site "Sarajevo"]
[Date "2017.05.15"]
[Round "4"]
[White "Schettler, Juergen"]
[Black "Okuyaz, Duru"]
[Result "0-1"]
[WhiteElo "2111"]
[BlackElo "1917"]
[PlyCount "90"]
[EventDate "2017.05.13"]
[EventType "swiss"]
[EventRounds "9"]
[EventCountry "BIH"]
[SourceTitle "CBM 178 Extra"]
[Source "ChessBase"]
[SourceDate "2017.06.22"]
[SourceVersion "1"]
[SourceVersionDate "2017.06.22"]
[SourceQuality "1"]

1. Nf3 d5 2. g3 Bg4 3. Bg2 Nd7 4. d4 Ngf6 5. Ne5 Bf5 6. c4 e6 7. Nc3 c6 8. Bg5 Be7 9. cxd5 exd5 10. Nxd7 Qxd7 11. h4 h6 12. Bf4 0-0 13. a3 a5 14. Na4 Ra6 15. Rc1 Re8 16. Bf3 Be4 17. Bxe4 Nxe4 18. f3 Nf6 19. Kf2 Qe6 20. Rc3 Nh5 21. Bc1 Bd6 22. g4 Ng3 23. Re1 Qf6 24. g5 hxg5 25. hxg5 Ne4+ 26. Kg2 Nxc3 27. bxc3 Qf5 28. Nc5 Bxc5 29. dxc5 Raa8 30. Qd4 Re6 31. e4 dxe4 32. fxe4 Qg4+ 33. Kf2 Qh4+ 34. Kf1 Rae8 35. e5 Qh1+ 36. Kf2 Qh2+ 37. Kf3 Rxe5 38. Rxe5 Qxe5 39. Qxe5 Rxe5 40. Be3 Kh7 41. Kf4 Rxe3 42. Kxe3 Kg6 43. Kf3 f6 44. gxf6 Kxf6 45. c4 a4 0-1

[Event "Sarajevo Bosna op 47th"]
[Site "Sarajevo"]
[Date "2017.05.14"]
[Round "2"]
[White "Schettler, Juergen"]
[Black "Burovic, Rijad"]
[Result "1/2-1/2"]
[WhiteElo "2111"]
[BlackElo "2290"]
[PlyCount "71"]
[EventDate "2017.05.13"]
[EventType "swiss"]
[EventRounds "9"]
[EventCountry "BIH"]
[SourceTitle "CBM 178 Extra"]
[Source "ChessBase"]
[SourceDate "2017.06.22"]
[SourceVersion "1"]
[SourceVersionDate "2017.06.22"]
[SourceQuality "1"]

1. Nf3 g6 2. c4 Bg7 3. Nc3 d6 4. d4 Nf6 5. e4 0-0 6. h3 e5 7. Bd3 exd4 8. Nxd4 Re8 9. Be3 Nbd7 10. 0-0 Nc5 11. f3 Nxd3 12. Qxd3 Nd7 13. Qd2 a6 14. Rac1 Rb8 15. b3 Nf8 16. Qf2 Bd7 17. Rfd1 b5 18. c5 b4 19. Nce2 Qe7 20. cxd6 cxd6 21. Nc6 Bxc6 22. Rxc6 f5 23. Nf4 fxe4 24. Nd5 Qd8 25. fxe4 Rb7 26. Bd4 Rf7 27. Qb2 Bxd4+ 28. Qxd4 a5 29. Rf1 Rxf1+ 30. Kxf1 Ne6 31. Qc4 Kg7 32. Nc7 Qf6+ 33. Kg1 Qa1+ 34. Kh2 Qe5+ 35. Kg1 Qa1+ 36. Kh2 1/2-1/2

[Event "Mittelrhein Verbandsliga-W 16/17"]
[Site "Nordrheinwestfalen"]
[Date "2016.10.23"]
[Round "3.4"]
[White "Schettler, Juergen"]
[Black "Fischer, Daniel2222"]
[Result "0-1"]
[WhiteElo "1995"]
[BlackElo "2018"]
[PlyCount "68"]
[EventDate "2016.09.11"]
[EventType "team-tourn"]
[EventRounds "11"]
[EventCountry "GER"]
[SourceTitle "EXT 2022"]
[Source "ChessBase"]
[SourceDate "2021.10.06"]
[SourceVersion "1"]
[SourceVersionDate "2021.10.06"]
[SourceQuality "1"]
[WhiteTeam "Alsdorf SVG"]
[BlackTeam "Herzogenrath"]
[WhiteTeamCountry "GER"]
[BlackTeamCountry "GER"]

1. Nf3 Nf6 2. g3 c5 3. Bg2 Nc6 4. c4 g6 5. Nc3 Bg7 6. d4 cxd4 7. Nxd4 Ng4 8. e3 Nge5 9. b3 d6 10. Bb2 Bg4 11. f3 Bd7 12. Qd2 h5 13. Ne4 Kf8 14. f4 Ng4 15. Nxc6 Bxc6 16. h3 Nh6 17. Bxg7+ Kxg7 18. Qb2+ Kg8 19. g4 Qb6 20. Ke2 f5 21. gxf5 Nxf5 22. c5 dxc5 23. Qe5 c4 24. Qe6+ Kg7 25. Qe5+ Kh6 26. Nc5 Bxg2 27. Rhg1 Rac8 28. Ne6 cxb3 29. Nd4 Nxd4+ 30. exd4 Rc2+ 31. Ke3 Qf6 32. axb3 Rhc8 33. d5 R8c3+ 34. Kd4 Qb6# 0-1

[Event "Sarajevo Bosna op 46th"]
[Site "Sarajevo"]
[Date "2016.05.31"]
[Round "5"]
[White "Bajic, Salko"]
[Black "Schettler, Juergen"]
[Result "0-1"]
[WhiteElo "1786"]
[BlackElo "2139"]
[PlyCount "50"]
[EventDate "2016.05.28"]
[EventType "swiss"]
[EventRounds "9"]
[EventCountry "BIH"]
[SourceTitle "EXT 2019"]
[Source "ChessBase"]
[SourceDate "2018.10.10"]
[SourceVersion "1"]
[SourceVersionDate "2018.10.10"]
[SourceQuality "1"]

1. e4 e6 2. d4 d5 3. e5 c5 4. c3 Nc6 5. Nf3 Qb6 6. dxc5 Bxc5 7. Qc2 Qc7 8. Bb5 Bd7 9. Bxc6 bxc6 10. 0-0 Ne7 11. a4 Ng6 12. b4 Be7 13. Re1 a5 14. Bd2 0-0 15. Ra2 f6 16. exf6 Rxf6 17. Qd3 e5 18. Qe3 Bd6 19. h3 Raf8 20. Rf1 Rxf3 21. gxf3 Bxh3 22. Re1 Nf4 23. Kh2 Qd8 24. Rg1 Qh4 25. Rxg7+ Kxg7 0-1

[Event "Sarajevo Bosna op 46th"]
[Site "Sarajevo"]
[Date "2016.05.29"]
[Round "2"]
[White "Schettler, Juergen"]
[Black "Drasko, Milan"]
[Result "0-1"]
[WhiteElo "2139"]
[BlackElo "2440"]
[PlyCount "56"]
[EventDate "2016.05.28"]
[EventType "swiss"]
[EventRounds "9"]
[EventCountry "BIH"]
[SourceTitle "EXT 2019"]
[Source "ChessBase"]
[SourceDate "2018.10.10"]
[SourceVersion "1"]
[SourceVersionDate "2018.10.10"]
[SourceQuality "1"]

1. Nf3 Nf6 2. g3 d5 3. Bg2 c6 4. 0-0 Bg4 5. d3 Nbd7 6. Nbd2 e5 7. e4 Bd6 8. h3 Bh5 9. c3 0-0 10. Qc2 Re8 11. Re1 a5 12. a4 Qc7 13. Nf1 Rad8 14. Ne3 Nc5 15. Nh4 dxe4 16. dxe4 Bf8 17. g4 Bg6 18. Nxg6 hxg6 19. Bf1 Ncxe4 20. Bc4 Ng5 21. Kg2 e4 22. h4 Nf3 23. Rh1 Qd7 24. Qb3 Bc5 25. h5 Bxe3 26. hxg6 Qxg4+ 27. Kf1 Nh2+ 28. Ke1 Bxf2+ 0-1

[Event "Sarajevo Bosna op 46th"]
[Site "Sarajevo"]
[Date "2016.05.29"]
[Round "3"]
[White "Vujicic, Dragisa"]
[Black "Schettler, Juergen"]
[Result "1/2-1/2"]
[WhiteElo "1896"]
[BlackElo "2139"]
[PlyCount "64"]
[EventDate "2016.05.28"]
[EventType "swiss"]
[EventRounds "9"]
[EventCountry "BIH"]
[SourceTitle "EXT 2019"]
[Source "ChessBase"]
[SourceDate "2018.10.10"]
[SourceVersion "1"]
[SourceVersionDate "2018.10.10"]
[SourceQuality "1"]

1. e4 e6 2. d4 d5 3. e5 c5 4. c3 Nc6 5. Nf3 Qb6 6. Be2 cxd4 7. cxd4 Nge7 8. Nc3 Nf5 9. Na4 Bb4+ 10. Bd2 Qa5 11. Bc3 Bd7 12. a3 Bxc3+ 13. Nxc3 Qd8 14. 0-0 h5 15. b4 Rc8 16. Rc1 g5 17. b5 Na5 18. Bd3 g4 19. Bxf5 gxf3 20. Bb1 fxg2 21. Kxg2 Nc4 22. a4 Qh4 23. Qd3 Rg8+ 24. Kh1 a6 25. Rg1 Ke7 26. Rxg8 Rxg8 27. Rg1 Rxg1+ 28. Kxg1 axb5 29. axb5 Qf4 30. Qg3 Qc1+ 31. Kg2 Nd2 32. Qg5+ Kf8 1/2-1/2

[Event "Sarajevo Bosna op 46th"]
[Site "Sarajevo"]
[Date "2016.05.28"]
[Round "1"]
[White "Kocanovic, Armin"]
[Black "Schettler, Juergen"]
[Result "0-1"]
[WhiteElo "1592"]
[BlackElo "2139"]
[PlyCount "119"]
[EventDate "2016.05.28"]
[EventType "swiss"]
[EventRounds "9"]
[EventCountry "BIH"]
[SourceTitle "EXT 2019"]
[Source "ChessBase"]
[SourceDate "2018.10.10"]
[SourceVersion "1"]
[SourceVersionDate "2018.10.10"]
[SourceQuality "1"]

1. d4 Nf6 2. c4 d6 3. Nc3 e5 4. dxe5 dxe5 5. Qxd8+ Kxd8 6. Bg5 c6 7. Nf3 Nbd7 8. 0-0-0 Kc7 9. Bh4 Bb4 10. Ng5 Bxc3 11. Nxf7 Rf8 12. Ng5 Bb4 13. a3 Be7 14. Ne6+ Kb8 15. Nxf8 Nxf8 16. Bg3 Ng6 17. h4 Ne4 18. Rd3 Nxg3 19. Rxg3 Bf6 20. h5 Ne7 21. h6 g6 22. e4 Kc7 23. Rf3 Ng8 24. Kc2 Be6 25. g3 Rd8 26. b3 Bg5 27. Bh3 Bxh3 28. Rxh3 Nxh6 29. b4 Rd7 30. Rd3 Rf7 31. f3 Ng8 32. Rh1 h5 33. c5 Be7 34. Kb3 Nf6 35. Kc2 g5 36. Kd2 Rh7 37. Ke2 Rh8 38. Kf2 Rd8 39. Rxd8 Kxd8 40. Ke3 Kd7 41. f4 exf4+ 42. gxf4 gxf4+ 43. Kxf4 Ke6 44. Rh3 Bd8 45. a4 Bc7+ 46. Kg5 Be5 47. Rd3 a5 48. bxa5 Nxe4+ 49. Kxh5 Nxc5 50. Rd1 Nxa4 51. Rb1 Nc5 52. Rb6 Kd7 53. Rb1 Kc7 54. a6 bxa6 55. Kg5 Kd6 56. Rd1+ Ke6 57. Kg4 Ne4 58. Kf3 Nc5 59. Ke3 a5 60. Kd2 0-1

[Event "Mittelrhein-chT 1112"]
[Site "Germany"]
[Date "2012.01.15"]
[Round "7.4"]
[White "Schulz, Wilhelm"]
[Black "Schettler, Juergen"]
[Result "0-1"]
[WhiteElo "2027"]
[BlackElo "2043"]
[PlyCount "170"]
[EventDate "2011.09.11"]
[EventType "team-tourn"]
[EventRounds "13"]
[EventCountry "GER"]
[SourceTitle "EXT 2013"]
[Source "ChessBase"]
[SourceDate "2012.11.22"]
[SourceVersion "1"]
[SourceVersionDate "2012.11.22"]
[SourceQuality "1"]
[WhiteTeam "Horrem"]
[BlackTeam "Koeln Muelheim"]
[WhiteTeamCountry "GER"]
[BlackTeamCountry "GER"]

1. e4 e6 2. d4 d5 3. e5 c5 4. c3 Nc6 5. Nf3 Qb6 6. a3 Bd7 7. b4 cxd4 8. cxd4 Rc8 9. Be3 Nh6 10. Bd3 Ng4 11. 0-0 Be7 12. Nbd2 h5 13. Nb3 Nd8 14. Qe2 a6 15. Rac1 Rxc1 16. Rxc1 Nxe3 17. Qxe3 g6 18. Nc5 Bb5 19. Bb1 Bc6 20. Qd2 Qa7 21. Ng5 a5 22. Nf3 axb4 23. axb4 Bb5 24. Bd3 Bxd3 25. Qxd3 Qb6 26. b5 Qa5 27. Nd2 Bg5 28. Ncb3 Qb6 29. g3 0-0 30. f4 Be7 31. Nc5 Bxc5 32. dxc5 Qc7 33. Nb3 Kg7 34. Nd4 h4 35. c6 b6 36. Ra1 hxg3 37. hxg3 Rh8 38. Qf3 Qe7 39. Rc1 Qc7 40. Qg4 Rh5 41. Kg2 f5 42. Qe2 Kf8 43. Rh1 Rxh1 44. Kxh1 Qa7 45. Qb2 Kf7 46. Qc3 Qc7 47. Qa3 g5 48. Nf3 g4 49. Ng1 Nxc6 50. Qc1 d4 51. bxc6 d3 52. Qc3 Qd8 53. Qd2 Qd5+ 54. Kh2 Ke8 55. Ne2 dxe2 56. Qxe2 Qxc6 57. Qa6 Kd7 58. Qa7+ Qc7 59. Qa4+ Ke7 60. Qa3+ Kf7 61. Qd3 Ke8 62. Qb5+ Kd8 63. Qb3 Qc6 64. Qa3 Kc7 65. Qa7+ Qb7 66. Qa2 Kd7 67. Qa3 Qc6 68. Qa7+ Kc8 69. Qa6+ Kb8 70. Qa3 b5 71. Qe7 Qd5 72. Qf8+ Kb7 73. Qe8 Kb6 74. Qb8+ Kc5 75. Qc7+ Qc6 76. Qa7+ Kb4 77. Qd4+ Kb3 78. Qd3+ Kb2 79. Qd4+ Qc3 80. Qb6 Qc4 81. Kh1 b4 82. Qf2+ Kb1 83. Qb6 b3 84. Qf2 Qc1+ 85. Kh2 Qc2 0-1

[Event "Oberliga Sued W 0203"]
[Site "Germany"]
[Date "2003.03.09"]
[Round "8.7"]
[White "Bauer, Claus"]
[Black "Schettler, Juergen"]
[Result "1/2-1/2"]
[WhiteElo "2200"]
[BlackElo "2159"]
[PlyCount "74"]
[EventDate "2002.10.??"]
[EventType "team"]
[EventRounds "9"]
[EventCountry "GER"]
[SourceTitle "EXT 2005"]
[Source "ChessBase"]
[SourceDate "2004.11.15"]
[SourceVersion "1"]
[SourceVersionDate "2004.11.15"]
[SourceQuality "1"]

1. d4 Nf6 2. Nf3 d6 3. c4 Nbd7 4. Nc3 e5 5. Bg5 c6 6. e3 Qa5 7. Qd2 Be7 8. Bd3 Bd8 9. Rb1 0-0 10. 0-0 Re8 11. b4 Qc7 12. Qc2 h6 13. Bh4 b6 14. Rfd1 a5 15. a3 axb4 16. axb4 Ra3 17. Nd2 Qa7 18. Qb2 Bb7 19. h3 Bc7 20. Ra1 Rxa1 21. Rxa1 Qb8 22. Qc2 exd4 23. exd4 d5 24. Nf1 g5 25. Bg3 Nh5 26. Bxc7 Qxc7 27. cxd5 cxd5 28. Ne3 Nf4 29. Bf1 Rc8 30. Ra3 Qd6 31. Nf5 Qf8 32. h4 Nf6 33. hxg5 hxg5 34. Qb2 Ra8 35. Na4 Bc8 36. Ne3 Rb8 37. Nc3 Be6 1/2-1/2

[Event "Oberliga Sued W 0102"]
[Site "Germany"]
[Date "2002.02.24"]
[Round "?"]
[White "Repplinger, Marc"]
[Black "Schettler, Juergen"]
[Result "1-0"]
[WhiteElo "2185"]
[BlackElo "2164"]
[PlyCount "81"]
[EventDate "2001.10.09"]
[EventType "team"]
[EventRounds "9"]
[EventCountry "GER"]
[SourceTitle "EXT 2003"]
[Source "ChessBase"]
[SourceDate "2002.11.25"]
[SourceVersion "1"]
[SourceVersionDate "2002.11.25"]
[SourceQuality "1"]

1. f4 d5 2. Nf3 g6 3. e3 Bg7 4. Be2 c5 5. 0-0 Nc6 6. d3 e5 7. e4 dxe4 8. dxe4 exf4 9. Qxd8+ Nxd8 10. Nc3 Ne6 11. Rd1 Bd7 12. Bc4 Ne7 13. Bxe6 Bxe6 14. Bxf4 Bxc3 15. bxc3 b6 16. Bg5 Ng8 17. a4 f6 18. Bf4 Ne7 19. a5 Kf7 20. Rd6 b5 21. Rad1 Rhc8 22. e5 Nf5 23. Rxe6 Kxe6 24. g4 fxe5 25. gxf5+ Kxf5 26. Bxe5 Ke4 27. Kg2 Rf8 28. Re1+ Kd5 29. Rd1+ Ke4 30. Re1+ Kd5 31. Bg7 Rf7 32. Rd1+ Ke6 33. Ng5+ Ke7 34. Re1+ Kd7 35. Nxf7 b4 36. Ne5+ Ke6 37. Nd3+ Kf7 38. Be5 bxc3 39. Bxc3 Rc8 40. Re5 c4 41. Nf4 1-0

[Event "Oberliga Sued W 0102"]
[Site "Germany"]
[Date "2001.09.23"]
[Round "?"]
[White "Kreuscher, Wolfgang"]
[Black "Schettler, Juergen"]
[Result "0-1"]
[WhiteElo "2065"]
[BlackElo "2164"]
[PlyCount "70"]
[EventDate "2001.10.09"]
[EventType "team"]
[EventRounds "9"]
[EventCountry "GER"]
[SourceTitle "EXT 2003"]
[Source "ChessBase"]
[SourceDate "2002.11.25"]
[SourceVersion "1"]
[SourceVersionDate "2002.11.25"]
[SourceQuality "1"]

1. e4 e6 2. d4 d5 3. Nd2 Nf6 4. e5 Nfd7 5. Bd3 c5 6. c3 Nc6 7. Ne2 cxd4 8. cxd4 f6 9. exf6 Nxf6 10. Nf3 Bd6 11. Bf4 Qa5+ 12. Kf1 Bxf4 13. Nxf4 Qb6 14. Qe2 0-0 15. g3 Nxd4 16. Nxd4 Qxd4 17. Rd1 Qb6 18. Kg2 Bd7 19. f3 g5 20. Nh3 g4 21. fxg4 e5 22. Bf5 Bb5 23. Qd2 d4 24. Rhe1 Rae8 25. Nf2 Nd5 26. Kg1 Ne3 27. Rc1 Nxf5 28. gxf5 Rxf5 29. Ne4 Qg6 30. Rc7 Bc6 31. Qb4 Rf3 32. Qc4+ Kh8 33. Nc5 Rxg3+ 34. hxg3 Qxg3+ 35. Kf1 Qg2# 0-1

[Event "BL2-West 9900"]
[Site "Germany"]
[Date "2000.03.12"]
[Round "7.5"]
[White "Schettler, Juergen"]
[Black "Kamp, Christoph"]
[Result "0-1"]
[WhiteElo "2173"]
[BlackElo "2333"]
[PlyCount "124"]
[EventDate "1999.10.10"]
[EventType "team-tourn"]
[EventRounds "9"]
[EventCountry "GER"]
[SourceTitle "CBM 075 Extra"]
[Source "ChessBase"]
[SourceDate "2000.05.11"]
[SourceVersion "2"]
[SourceVersionDate "2000.05.11"]
[SourceQuality "1"]
[WhiteTeam "Siershahn"]
[BlackTeam "Muenster"]
[WhiteTeamCountry "GER"]
[BlackTeamCountry "GER"]

1. Nf3 e6 2. g3 b6 3. Bg2 Bb7 4. 0-0 Nf6 5. d3 Be7 6. e4 d5 7. Nbd2 c5 8. Qe2 Qc7 9. c3 Nc6 10. a3 h6 11. b4 a6 12. Re1 b5 13. exd5 Nxd5 14. Bb2 Nf6 15. bxc5 Bxc5 16. d4 Be7 17. c4 bxc4 18. Qxc4 Rc8 19. Rac1 Qd7 20. Qa2 0-0 21. Nb3 Ba8 22. Qa1 Nd5 23. Nc5 Qa7 24. Nd3 Na5 25. Rxc8 Rxc8 26. Nfe5 Bf6 27. Nc5 Bxe5 28. Rxe5 Nc4 29. Re1 Nf6 30. Bc3 Bxg2 31. Kxg2 Qa8+ 32. f3 Nd5 33. Qc1 Rb8 34. Ba1 Nd6 35. Qc2 Qc6 36. Qd3 Qb5 37. Qxb5 axb5 38. Ne4 Nc4 39. Rc1 Ra8 40. Nc3 Nxc3 41. Rxc3 Rxa3 42. Rxa3 Nxa3 43. Kf2 Nc4 44. Ke2 Nb6 45. Kd3 Nd5 46. Bb2 h5 47. Bc1 Kf8 48. Bd2 Ke7 49. Be1 Kd6 50. Bd2 Kc6 51. Ba5 Ne7 52. Bb4 Nd5 53. Ba5 f5 54. f4 Nf6 55. h3 Kd5 56. Be1 Ne4 57. Ke3 Kc4 58. g4 g6 59. Ba5 b4 60. gxh5 gxh5 61. Bxb4 Kxb4 62. d5 Kc5 0-1

[Event "BL2-West 9900"]
[Site "Germany"]
[Date "2000.02.20"]
[Round "6.6"]
[White "Schettler, Juergen"]
[Black "Kitte, Sebastian"]
[Result "1/2-1/2"]
[WhiteElo "2173"]
[BlackElo "2306"]
[PlyCount "94"]
[EventDate "1999.10.10"]
[EventType "team-tourn"]
[EventRounds "9"]
[EventCountry "GER"]
[SourceTitle "CBM 074 Extra"]
[Source "ChessBase"]
[SourceDate "2000.03.10"]
[SourceVersion "2"]
[SourceVersionDate "2000.03.10"]
[SourceQuality "1"]
[WhiteTeam "Siershahn"]
[BlackTeam "Bochum"]
[WhiteTeamCountry "GER"]
[BlackTeamCountry "GER"]

1. Nf3 c5 2. g3 g6 3. c4 Bg7 4. Nc3 Nc6 5. Bg2 b6 6. 0-0 Bb7 7. e4 d6 8. d3 Nf6 9. Nh4 0-0 10. Be3 Qd7 11. h3 Ne8 12. Qd2 Nc7 13. f4 f5 14. Kh2 Nd4 15. exf5 Bxg2 16. Qxg2 Nxf5 17. Nxf5 gxf5 18. Nd5 Nxd5 19. Qxd5+ e6 20. Qg2 Kh8 21. Rad1 Rac8 22. b3 d5 23. d4 dxc4 24. dxc5 Qc7 25. cxb6 axb6 26. bxc4 Qxc4 27. Rd7 Ra8 28. Rc1 Qxa2 29. Rcc7 Qxg2+ 30. Kxg2 Ra2+ 31. Kf3 Ba1 32. Rxh7+ Kg8 33. Rhe7 Ra3 34. Rxe6 Bd4 35. Ke2 Rxe3+ 36. Rxe3 Bxe3 37. Kxe3 Ra8 38. Kd4 Re8 39. Rb7 Re4+ 40. Kd5 Re3 41. g4 Rxh3 42. gxf5 Re3 43. f6 Kf8 44. Kd6 b5 45. Re7 Rd3+ 46. Kc5 Rf3 47. Re4 Kf7 1/2-1/2

[Event "RLP-chT 9899"]
[Site "Germany"]
[Date "1998.12.13"]
[Round "4.7"]
[White "Schettler, Juergen"]
[Black "Schneider, Volker"]
[Result "1/2-1/2"]
[WhiteElo "2170"]
[BlackElo "2250"]
[PlyCount "31"]
[EventDate "1998.??.??"]
[EventType "team"]
[EventRounds "9"]
[EventCountry "GER"]
[SourceTitle "EXT 2001"]
[Source "ChessBase"]
[SourceDate "2000.11.22"]
[SourceVersion "1"]
[SourceVersionDate "2000.11.22"]
[SourceQuality "1"]

1. Nf3 c5 2. g3 Nf6 3. Bg2 e6 4. 0-0 d5 5. d4 cxd4 6. Nxd4 e5 7. Nb3 Nc6 8. Bg5 Be6 9. c4 d4 10. N1d2 Be7 11. Rc1 0-0 12. e3 Bg4 13. Bf3 Bh3 14. Bg2 Bg4 15. Bf3 Bh3 16. Bg2 1/2-1/2

[Event "Oberliga Sued W 9798"]
[Site "Germany"]
[Date "1998.??.??"]
[Round "?"]
[White "Schettler, Juergen"]
[Black "Niklasch, Oliver"]
[Result "0-1"]
[WhiteElo "2170"]
[BlackElo "2345"]
[PlyCount "84"]
[EventDate "1997.10.??"]
[EventType "team"]
[EventRounds "9"]
[EventCountry "GER"]
[SourceTitle "EXT 2000"]
[Source "ChessBase"]
[SourceDate "1999.11.16"]
[SourceVersion "1"]
[SourceVersionDate "1999.11.16"]
[SourceQuality "1"]

1. Nf3 d5 2. g3 Nf6 3. Bg2 c6 4. 0-0 Bg4 5. d3 Nbd7 6. Nbd2 e5 7. e4 Bd6 8. h3 Bh5 9. Qe1 0-0 10. Nh4 a5 11. Ndf3 Re8 12. Nf5 Bb4 13. Qe2 Qb6 14. g4 Bg6 15. N3h4 dxe4 16. dxe4 Bc5 17. Bf3 Nf8 18. g5 N6d7 19. Rd1 Qc7 20. Bg4 Ne6 21. c3 Rad8 22. a4 Ndf8 23. Rxd8 Rxd8 24. Nf3 Bb6 25. h4 Bxf5 26. exf5 e4 27. fxe6 Qg3+ 28. Kh1 Qxg4 29. exf7+ Kh8 30. Nd4 Qh3+ 31. Kg1 c5 32. Nb5 Ng6 33. Be3 Nxh4 34. f4 Nf3+ 35. Kf2 Qh2+ 36. Kf1 Qh1+ 37. Kf2 Qxa1 38. Kg3 Qh1 39. Nd6 Qh4+ 40. Kg2 Qh2+ 41. Kf1 Qh1+ 42. Kf2 Qg1# 0-1